000 00301nam a22001337a 4500
008 170809b xxu||||| |||| 00| 0 eng d
020 _a2900132122473
041 _aeng
080 _23RD
_a004
100 _a35
101 _aSHKI
245 _aLEARNING THE PROGRAM WITH ALICE
_cDANN
942 _2udc
_cBK
999 _c22947
_d22947